banner-ar

لجنة الامم المتحدة للتوفيق بشان فلسطين 1948 - 1951 : حدود الرفض العربى / (Record no. 54273)

MARC details
000 -الفاتح
حقل البيانات ثابتة الطول 00668nam a2200181Ia 4500
005 - وقت وتاريخ اخر تعامل مع التسجيلة
رقم الضبط 20240530105237.0
008 - عناصر البيانات ثابتة الطول - معلومات عامة
حقل البيانات ثابتة الطول 140319s9999 xx 000 0 ara d
040 ## - مصدر الفهرسة
وكالة الفهرسة الأصلية GCL /
وكالة النسخ GCL
082 04 - رقم تصنيف ديوى العشرى
رقم التصنيف 956.904
رقم المادة أ ل
100 1# - المدخل الرئيسى - إسم شخصى
الإسم الشخصى جان ايف اولييه
245 10 - بيان العنوان
العنوان لجنة الامم المتحدة للتوفيق بشان فلسطين 1948 - 1951 : حدود الرفض العربى /
بيان المسئوليه,etc جان ايف اولييه ؛ ترجمة نصير مروة
260 ## - PUBLICATION, DISTRIBUTION, ETC. (IMPRINT)
تاريخ النشر أو التوزيع 1991
300 ## - الوصف المادى
التعداد 193
650 04 - المدخل الاضافى بالموضوع-مصطلح موضوعى
مصطلح موضوعي القضية الفلسطينية
700 0# - المدخل الاضافى - اسم شخصى
الإسم الشخصى نصير مروة
942 ## - عناصر المدخل الإضافي( كوها)
مصدر التصنيف او مخطط الترفيف Dewey Decimal Classification
Koha [default] item type كتاب
260 ## - PUBLICATION, DISTRIBUTION, ETC. (IMPRINT)
-- [S.N] :
-- مؤسسة الدراسات الفلسطينية ،
Holdings
حالة التراجع حالة الفقد حالة تلف ليس للاعارة المكان المؤقت الموقع الحالى تاريخ الاكتساب اجمالي اﻻعارات رقم الطلب الباركود تاريخ اخر مشاهدة تاريخ تفعيل السعر نوع وعاء كوها
        مكتبة القاهرة الكبرى مكتبة القاهرة الكبرى 03/26/2014   956.904\أ ل 130556 03/26/2014 03/26/2014 كتاب
        مكتبة القاهرة الكبرى مكتبة القاهرة الكبرى 03/26/2014   956.904\أ ل 130557 03/26/2014 03/26/2014 كتاب

Powered By

EGPV